000 00334nam a2200121Ia 4500
008 240731s9999 xx 000 0 und d
022 _a2543-3474
245 0 _aAKCE International Journal of Graphs and Combinatorics
260 _bTaylor & Francis
856 _uhttps://www.tandfonline.com/loi/uakc20
942 _2ddc
942 _cTFEJ
999 _c75112
_d75112
945 _a1
_bMadushi Gamage
_c1
_dMadushi Gamage